Circuit Consultants casebook (Record no. 194125)
[ view plain ]
| 000 -LEADER | |
|---|---|
| fixed length control field | 00498 a2200169 4500 |
| 003 - CONTROL NUMBER IDENTIFIER | |
| control field | Nust |
| 005 - DATE AND TIME OF LATEST TRANSACTION | |
| control field | 20170207154117.0 |
| 040 ## - CATALOGING SOURCE | |
| Transcribing agency | Nust |
| 082 ## - DEWEY DECIMAL CLASSIFICATION NUMBER | |
| Classification number | 621.38132 |
| 100 ## - MAIN ENTRY--PERSONAL NAME | |
| Personal name | T. K. Hemingway |
| 245 ## - TITLE STATEMENT | |
| Title | Circuit Consultants casebook |
| Statement of responsibility, etc. | T. K. Hemingway |
| 260 ## - PUBLICATION, DISTRIBUTION, ETC. | |
| Place of publication, distribution, etc. | London |
| Name of publisher, distributor, etc. | TAB BOOK |
| Date of publication, distribution, etc. | 1970 |
| 300 ## - PHYSICAL DESCRIPTION | |
| Extent | xiii: 210 p |
| 505 ## - FORMATTED CONTENTS NOTE | |
| Formatted contents note | Part One: Avoiding Design Faults (Page-3), Part Two: Meeting a Specification (Page-101), |
| 538 ## - SYSTEM DETAILS NOTE | |
| System details note | Almirah No.34 Shelf No.1 |
| 650 ## - SUBJECT ADDED ENTRY--TOPICAL TERM | |
| Topical term or geographic name entry element | Telecommunication engineering |
| 942 ## - ADDED ENTRY ELEMENTS (KOHA) | |
| Source of classification or shelving scheme | |
| Koha item type | Book |
| Withdrawn status | Lost status | Source of classification or shelving scheme | Damaged status | Not for loan | Permanent Location | Current Location | Shelving location | Date acquired | Full call number | Barcode | Date last seen | Price effective from | Koha item type | Public note |
|---|---|---|---|---|---|---|---|---|---|---|---|---|---|---|
| Military College of Signals (MCS) | Military College of Signals (MCS) | General Stacks | 12/12/2016 | 621.38132,HEM | MCS5391 | 12/08/2016 | 12/12/2016 | Book | Almirah No. 88, Shelf No.5 |
